| Tag |
First Indicator |
Second Indicator |
Subfields |
| LEADER |
00000cam a2200000 4500 |
| 001 |
in00001935021 |
| 006 |
m | d | |
| 007 |
cr |n||||||||n |
| 008 |
790922s1799 enk|||| s 00||||eng d |
| 005 |
20260414172941.7 |
| 035 |
|
|
|a (CStRLIN)ESTCT57068
|
| 040 |
|
|
|a Uk-ES
|c Uk-ES
|d CStRLIN
|d Thomson Gale
|d UtOrBLW
|
| 245 |
0 |
0 |
|a Thoughts on revelation, deduced from the true nature of evidence.
|
| 264 |
|
3 |
|a Bristol :
|b printed by Biggs and Cottle, and sold by Longman and Rees, and Button, London,
|c 1799.
|
| 300 |
|
|
|a 6, 2 unnumbered pages, 148p. ;
|c 8⁰.
|
| 336 |
|
|
|a text
|b txt
|2 rdacontent
|
| 337 |
|
|
|a computer
|b c
|2 rdamedia
|
| 338 |
|
|
|a online resource
|b cr
|2 rdacarrier
|
| 500 |
|
|
|a Reproduction of original from the British Library.
|
| 510 |
4 |
|
|a English Short Title Catalog,
|c ESTCT57068.
|
| 533 |
|
|
|a Electronic reproduction.
|b Farmington Hills, Mich. :
|c Thomson Gale,
|d 2003.
|n Available via the World Wide Web.
|n Access limited by licensing agreements
|7 s2003 miunns
|
| 500 |
|
|
|a Electronic resource.
|
| 830 |
|
0 |
|a Eighteenth century collections online.
|
| 856 |
4 |
0 |
|u http://proxy.library.tamu.edu/login?url=https://galenet.galegroup.com/servlet/ECCO?c=1&stp=Author&ste=11&af=BN&ae=T057068&tiPG=1&dd=0&dc=flc&docNum=CW115196759&vrsn=1.0&srchtp=a&d4=0.33&n=10&SU=0LRK&locID=txshracd2898
|z Full text online
|t 0
|
| 999 |
|
|
|a MARS
|
| 999 |
f |
f |
|s f661f7b7-49be-35b3-b56e-2ba344fead57
|i 98c28991-f87a-3676-84bc-84a77c2ef0be
|t 0
|
| 952 |
f |
f |
|a Texas A&M University
|b College Station
|c Electronic Resources
|s www_evans
|d Available Online
|t 0
|h No information provided
|
| 998 |
f |
f |
|t 0
|l Available Online
|